00579nam a2200181Ia 4500008004100000016001400041040001700055050001900072082001300091100002400104245006600128260004000194300001000234500002800244563001000272650005900282650005600341210303s9999 xx 000 0 und d 2reto2022b aNLNbEnglish a PQ3980b.M528 a840.9896 aMELONE, Thomaseaut 0aDe la negritude Dans la lit. negro Africaine /cThomas Melone aParis :bPresence africaine ,c1962 a137p. abibliography: p.135-137 a(pbk) aFrench literaturev20th centuryxHistory and criticism aAfrican literaturevCamerounxHistory and criticism